| 000 | 01351nkm0a2200277 4500 | ||
|---|---|---|---|
| 001 | RU\NLR\BIBL_A\022603060 | ||
| 005 | 20260325142610.0 | ||
| 035 | _a(NLR Aleph) 022603060 | ||
| 090 |
_a13643045 _c13643045 |
||
| 100 | _a20250818d2024 u y0rusy50 ca | ||
| 101 | 0 | _arus | |
| 102 | _aRU | ||
| 116 | _adiycxx zz zz | ||
| 181 | 0 |
_ab4 _bxb2e |
|
| 182 | 0 | _an | |
| 200 | 1 |
_aГеограф С. Г. Григорьев (1874-1931). К 150-летию со дня рождения _eкомплект открыток _fавтор-составитель В.К. Белко _gдизайн Белко Ю.Н. |
|
| 203 |
_aИзображение _bнеподвижное _bдвухмерное _bвизуальное _cнепосредственное |
||
| 210 |
_aОдинцово _cМОРОО "Краеведческое общество" _d2024 |
||
| 215 |
_a1 обл. ([20] отд. л.) _cил., цв. ил., факс. _d10х20 |
||
| 702 | 1 |
_aБелко _bВ. К. _f1958- _gВладимир Кузьмич _3RU\NLR\AUTH\7711020 _4220 |
|
| 702 | 1 |
_aБелко _bЮ. Н. _4040 |
|
| 702 | 1 |
_aГригорьев _bС. Г. _cгеограф, страновед _f1874-1931 _gСергей Григорьевич _3RU\NLR\AUTH\770134123 _4420 |
|
| 942 | _cVISUAL | ||
| 980 | _aNB | ||